header

Business process modeling (Record no. 76812)

MARC details
000 -LEADER
fixed length control field 01320nam a2200337Ia 4500
082 04 - DEWEY DECIMAL CLASSIFICATION NUMBER
Classification number 658.4/034
245 00 - TITLE STATEMENT
Title Business process modeling
260 ## - PUBLICATION, DISTRIBUTION, ETC. (IMPRINT)
Place of publication Hauppauge, NY :
Name of publisher Nova Science Publishers,
Year of publication c2011.
300 ## - PHYSICAL DESCRIPTION
Number of Pages x, 188 p. :
Other physical details ill.
490 0# - SERIES STATEMENT
Series statement Business issues, competition and entrepreneurship
500 ## - GENERAL NOTE
General note Includes index.
650 #0 - SUBJECT ADDED ENTRY--TOPICAL TERM
Topical Term Management information systems.
Topical Term Business
Topical Term Workflow
700 1# - ADDED ENTRY--PERSONAL NAME
Personal name Beckmann, Jason A.
856 40 - ELECTRONIC LOCATION AND ACCESS
Uniform Resource Identifier http://site.ebrary.com/lib/rucke/Doc?id=10654634

No items available.

© 2026 Rongo University
Contact us: librarian | system librarian | Rongo university